| Поле | Инд. | ПП | Название | Значение |
|---|---|---|---|---|
| Тип записи | a | |||
| Библиографический уровень | m | |||
| 001 | Контрольный номер | RU/LIBMSTU/405687547 | ||
| 005 | Дата корректировки | 20171118172238.4 | ||
| 008 | Кодируемые данные | 121109|||||||||ru |||||||||||000|||rus|| | ||
| 020 | a | ISBN | 978-5-4377-0013-6 | |
| 040 | b | Код языка каталог. | rus | |
| 041 | 0_ | a | Код языка текста | rus |
| 084 | a | Индекс другой классификации/Индекс ББК | 65.428я7+67.401.143.1я7 | |
| 090 | a | Полочн. индекс | 65.428 | |
| x | Авторский знак | С 77 | ||
| 100 | 1_ | a | Автор | Старовойтова Е. Н. |
| 245 | 10 | a | Заглавие | История таможенного дела и таможенной политики России |
| b | Продолж. заглавия | учеб. пособие для вузов | ||
| 260 | a | Место издания | Санкт-Петербург | |
| b | Издательство | Троиц. мост | ||
| c | Дата издания | 2012 | ||
| 300 | a | Объем | 175 с. | |
| 504 | a | Библиография | Библиогр.: с. 151 | |
| 650 | 04 | a | Основная рубрика | Таможенное дело-История-Россия-Учебные издания для высших учебных заведений |
| 653 | 0_ | a | Ключевые слова | Внешнеторговые отношения; Внутренняя торговля; История таможенного дела; Международные торговые отношения; Таможенная политика; Таможенное дело; Таможенное законодательство; Таможенное регулирование |
| 700 | 12 | a | Другие авторы | Долидович О. М. |
| 901 | t | Тип документа | m | |
| 952 | b | Гриф литературы для ВШ | Допущено Учеб.-метод. об-нием вузов РФ по образованию в области таможенного дела | |
| c | Вид литературы | учебное пособие |